[Event "HUN-chT2 Charousek 1718"]
[Site "Hungary"]
[Date "2018.05.06"]
[Round "9.5"]
[White "Ruck, Tamas"]
[Black "Madl, Ildiko"]
[Result "1/2-1/2"]
[WhiteElo "2312"]
[BlackElo "2323"]
[PlyCount "24"]
[EventDate "2017.10.29"]
[EventType "team-tourn"]
[EventRounds "9"]
[EventCountry "HUN"]
[SourceTitle "EXT 2020"]
[Source "ChessBase"]
[SourceDate "2019.10.17"]
[SourceVersion "1"]
[SourceVersionDate "2019.10.17"]
[SourceQuality "1"]
[WhiteTeam "Haladas Szombathely II"]
[BlackTeam "Csuti Hydro"]
[WhiteTeamCountry "HUN"]
[BlackTeamCountry "HUN"]

1. e4 c5 2. Nf3 d6 3. d4 cxd4 4. Nxd4 Nf6 5. Nc3 Nc6 6. Bg5 Bd7 7. Qd2 h6 8. Bxf6 gxf6 9. Nf5 h5 10. 0-0-0 Qa5 11. Ne3 Bh6 12. g3 Rc8 1/2-1/2

[Event "HUN-chT2 Charousek 1718"]
[Site "Hungary"]
[Date "2017.10.29"]
[Round "1.6"]
[White "Pasztor, Ferenc1111"]
[Black "Madl, Ildiko"]
[Result "0-1"]
[WhiteElo "2258"]
[BlackElo "2323"]
[PlyCount "106"]
[EventDate "2017.10.29"]
[EventType "team-tourn"]
[EventRounds "9"]
[EventCountry "HUN"]
[SourceTitle "EXT 2020"]
[Source "ChessBase"]
[SourceDate "2019.10.17"]
[SourceVersion "1"]
[SourceVersionDate "2019.10.17"]
[SourceQuality "1"]
[WhiteTeam "Tapolca Rockwool"]
[BlackTeam "Csuti Hydro"]
[WhiteTeamCountry "HUN"]
[BlackTeamCountry "HUN"]

1. d4 d5 2. Nf3 c6 3. c4 e6 4. Nc3 Nf6 5. Bg5 Nbd7 6. e3 Qa5 7. Bxf6 Nxf6 8. a3 Be7 9. Bd3 dxc4 10. Bxc4 0-0 11. 0-0 c5 12. Qa4 Qxa4 13. Nxa4 cxd4 14. Nxd4 Bd7 15. Nc3 a6 16. Be2 Rfc8 17. Rac1 Rc7 18. Bf3 Rac8 19. Nde2 Kf8 20. Rfd1 Ke8 21. Kf1 b5 22. h3 h6 23. g3 e5 24. h4 Be6 25. Bg2 Bb3 26. Rd2 g6 27. Ra1 Be6 28. Ke1 Rb8 29. Bd5 Bc8 30. Bg2 Be6 31. Bd5 Bc8 32. Bg2 a5 33. Nd5 Nxd5 34. Bxd5 b4 35. axb4 Bxb4 36. Nc3 Rxc3 37. bxc3 Bxc3 38. Rc1 Bxd2+ 39. Kxd2 Bd7 40. Kd3 Ke7 41. Rc5 Rb5 42. Rxb5 Bxb5+ 43. Ke4 f6 44. f4 Kd6 45. fxe5+ fxe5 46. Bf7 a4 47. Bxg6 Bc4 48. Kf3 e4+ 49. Bxe4 Bd5 50. g4 a3 51. Bxd5 Kxd5 52. g5 hxg5 53. hxg5 a2 0-1

[Event "HUN-chT 1617"]
[Site "Hungary"]
[Date "2017.02.12"]
[Round "6.10"]
[White "Hando, Vilmos"]
[Black "Madl, Ildiko"]
[Result "1-0"]
[WhiteElo "2347"]
[BlackElo "2324"]
[PlyCount "69"]
[EventDate "2016.10.30"]
[EventType "team-tourn"]
[EventRounds "9"]
[EventCountry "HUN"]
[SourceTitle "EXT 2018"]
[Source "ChessBase"]
[SourceDate "2017.10.13"]
[SourceVersion "1"]
[SourceVersionDate "2017.10.13"]
[SourceQuality "1"]
[WhiteTeam "DVTK"]
[BlackTeam "Csuti"]
[WhiteTeamCountry "HUN"]
[BlackTeamCountry "HUN"]

1. d4 d5 2. c4 c6 3. Nf3 Nf6 4. e3 Bg4 5. Qb3 Qb6 6. Nc3 e6 7. Ne5 Bf5 8. Be2 Qxb3 9. axb3 Nbd7 10. Nxd7 Nxd7 11. f3 Bc2 12. Bd1 Bxd1 13. Kxd1 Be7 14. e4 dxe4 15. fxe4 0-0 16. Kc2 a6 17. Bf4 f6 18. Bg3 f5 19. Rhe1 Rae8 20. exf5 exf5 21. d5 c5 22. Re6 Kf7 23. Rf1 g6 24. Rfe1 Rg8 25. Na4 Bf6 26. Bd6 Rc8 27. Re7+ Bxe7 28. Rxe7+ Kf6 29. Rxd7 Rce8 30. Kd2 h5 31. Bxc5 Re4 32. Nc3 Rg4 33. g3 h4 34. gxh4 Rg2+ 35. Kd3 1-0

[Event "HUN-chT 1617"]
[Site "Hungary"]
[Date "2016.10.30"]
[Round "1.9"]
[White "Madl, Ildiko"]
[Black "Kaczur, Florian"]
[Result "1/2-1/2"]
[WhiteElo "2324"]
[BlackElo "2427"]
[PlyCount "92"]
[EventDate "2016.10.30"]
[EventType "team-tourn"]
[EventRounds "9"]
[EventCountry "HUN"]
[SourceTitle "CBM 175 Extra"]
[Source "ChessBase"]
[SourceDate "2016.12.12"]
[SourceVersion "1"]
[SourceVersionDate "2016.12.12"]
[SourceQuality "1"]
[WhiteTeam "Csuti"]
[BlackTeam "Paks"]
[WhiteTeamCountry "HUN"]
[BlackTeamCountry "HUN"]

1. e4 e5 2. Nf3 Nc6 3. Bb5 a6 4. Ba4 Nf6 5. 0-0 Be7 6. Re1 b5 7. Bb3 0-0 8. a4 Bb7 9. d3 d6 10. Nc3 Na5 11. Ba2 b4 12. Ne2 d5 13. exd5 Bxd5 14. Bxd5 Qxd5 15. Ng3 Nc6 16. Nf5 Rae8 17. Bg5 Bd8 18. Qd2 Nh5 19. Bxd8 Qxd8 20. Re4 f6 21. c3 Qd7 22. Ne3 Nf4 23. cxb4 f5 24. Rc4 Nd4 25. Nxd4 exd4 26. Nf1 Ne2+ 27. Kh1 f4 28. f3 Rf6 29. Qc2 c6 30. b5 axb5 31. axb5 cxb5 32. Rc7 Qe6 33. Qc5 Rh6 34. Qg5 Rg6 35. Qxb5 Rd8 36. Qc4 Rb8 37. Qxe6+ Rxe6 38. Raa7 Rg6 39. Rc2 Re8 40. Rd7 h5 41. Rd5 h4 42. Rh5 Ra6 43. g3 hxg3 44. Kg2 gxh2 45. Nxh2 Ng3 46. Rd5 Rae6 1/2-1/2

[Event "FRA-chT Top 12 (Women) GpA"]
[Site "Mulhouse"]
[Date "2016.05.08"]
[Round "5.1"]
[White "Madl, Ildiko"]
[Black "Javakhishvili, Lela"]
[Result "1/2-1/2"]
[WhiteElo "2321"]
[BlackElo "2493"]
[PlyCount "66"]
[EventDate "2016.05.05"]
[EventType "team-tourn"]
[EventRounds "5"]
[EventCountry "FRA"]
[SourceTitle "CBM 172 Extra"]
[Source "ChessBase"]
[SourceDate "2016.06.21"]
[SourceVersion "1"]
[SourceVersionDate "2016.06.21"]
[SourceQuality "1"]
[WhiteTeam "Juvisy (W)"]
[BlackTeam "Bischwiller (W)"]
[WhiteTeamCountry "FRA"]
[BlackTeamCountry "FRA"]

1. e4 c5 2. Nf3 Nc6 3. d4 cxd4 4. Nxd4 e6 5. Nc3 a6 6. Nxc6 bxc6 7. Bd3 d5 8. 0-0 Nf6 9. Qf3 Be7 10. e5 Nd7 11. Qg3 Kf8 12. Na4 c5 13. c4 d4 14. Be4 Ra7 15. f4 g6 16. Bd2 Bb7 17. Bxb7 Rxb7 18. b3 h5 19. Nb2 a5 20. Qf3 Ra7 21. a3 Kg7 22. Rab1 Qa8 23. Qd3 Rb8 24. Na4 Qc6 25. Rf3 Bd8 26. Rff1 Rab7 27. Rf3 Bc7 28. Qe2 Rh8 29. Rbf1 Rbb8 30. Be1 Bd8 31. Bd2 Rf8 32. Rg3 h4 33. Rd3 Rh8 1/2-1/2

[Event "HUN-chT 1516"]
[Site "Hungary"]
[Date "2016.04.17"]
[Round "9.10"]
[White "Grimm, Daniel"]
[Black "Madl, Ildiko"]
[Result "1/2-1/2"]
[WhiteElo "2300"]
[BlackElo "2343"]
[PlyCount "25"]
[EventDate "2015.11.07"]
[EventType "team-tourn"]
[EventRounds "11"]
[EventCountry "HUN"]
[SourceTitle "CBM 171 Extra"]
[Source "ChessBase"]
[SourceDate "2016.04.26"]
[SourceVersion "1"]
[SourceVersionDate "2016.04.26"]
[SourceQuality "1"]
[WhiteTeam "Dunaharaszti"]
[BlackTeam "Csuti"]
[WhiteTeamCountry "HUN"]
[BlackTeamCountry "HUN"]

1. e4 c5 2. Nf3 Nc6 3. b3 d6 4. Bb2 Nf6 5. Nc3 e6 6. Bb5 Bd7 7. 0-0 Be7 8. d4 cxd4 9. Nxd4 0-0 10. Re1 Qa5 11. Nxc6 bxc6 12. Bd3 e5 13. Ne2 1/2-1/2

[Event "Oberliga Ost-A 1516"]
[Site "Germany"]
[Date "2016.01.16"]
[Round "6.1"]
[White "Plat, Vojtech"]
[Black "Madl, Ildiko"]
[Result "1-0"]
[WhiteElo "2458"]
[BlackElo "2366"]
[PlyCount "139"]
[EventDate "2015.09.20"]
[EventType "team-tourn"]
[EventRounds "11"]
[EventCountry "GER"]
[SourceTitle "EXT 2017"]
[Source "ChessBase"]
[SourceDate "2016.10.25"]
[SourceVersion "1"]
[SourceVersionDate "2016.10.25"]
[SourceQuality "1"]
[WhiteTeam "Plauen Koenig"]
[BlackTeam "Halle Volksbank"]
[WhiteTeamCountry "GER"]
[BlackTeamCountry "GER"]

1. e4 c5 2. Nf3 d6 3. d4 cxd4 4. Qxd4 Nc6 5. Bb5 Bd7 6. Bxc6 Bxc6 7. Nc3 Nf6 8. Bg5 e6 9. 0-0-0 Be7 10. Rhe1 0-0 11. Qd2 Qc7 12. Nd4 Rfd8 13. f4 h6 14. Bxf6 Bxf6 15. g4 Rac8 16. h4 Qb6 17. g5 hxg5 18. hxg5 Bxd4 19. Qxd4 Qxd4 20. Rxd4 e5 21. Rd2 exf4 22. Rf1 Kh7 23. Rxf4 Kg6 24. Rg4 Re8 25. Rxd6+ Re6 26. Rd1 Re5 27. Ne2 Kh5 28. Rgg1 Rxg5 29. Nf4+ Kh4 30. Rh1+ Kg4 31. Nd3 f6 32. Rhf1 Kg3 33. Ne1 Re5 34. Rd3+ Kg4 35. Rg1+ Kf4 36. Rc3 Rxe4 37. Nd3+ Kf5 38. Rxg7 Rh4 39. b3 Rd8 40. Rg1 Rh2 41. Rf1+ Kg5 42. Rg1+ Kf5 43. Rc4 Rd6 44. Rc5+ Rd5 45. Rf1+ Kg5 46. Rg1+ Kf5 47. Rc4 Rd6 48. Rf4+ Ke6 49. Re1+ Kd7 50. Nc5+ Kc8 51. Re3 Rdd2 52. Rc3 Rhf2 53. Rfc4 b5 54. Re4 Rfe2 55. Rf4 Kd8 56. Rxf6 Bd5 57. a3 a5 58. Rb6 a4 59. Rb8+ Ke7 60. Rxb5 axb3 61. Nxb3 Bxb3 62. Rb7+ Kd6 63. Rb6+ Kd7 64. Rbxb3 Rd6 65. Rb7+ Ke6 66. Kb2 Ra6 67. Rh3 Rc6 68. Rh6+ Kd5 69. Rb5+ Kc4 70. Rhh5 1-0

[Event "HUN-chT 1516"]
[Site "Hungary"]
[Date "2015.11.29"]
[Round "3.9"]
[White "Balint, Vilmos"]
[Black "Madl, Ildiko"]
[Result "1/2-1/2"]
[WhiteElo "2276"]
[BlackElo "2343"]
[PlyCount "96"]
[EventDate "2015.11.07"]
[EventType "team-tourn"]
[EventRounds "11"]
[EventCountry "HUN"]
[SourceTitle "CBM 169 Extra"]
[Source "ChessBase"]
[SourceDate "2015.12.18"]
[SourceVersion "1"]
[SourceVersionDate "2015.12.18"]
[SourceQuality "1"]
[WhiteTeam "Husi"]
[BlackTeam "Csuti"]
[WhiteTeamCountry "HUN"]
[BlackTeamCountry "HUN"]

1. Nf3 d5 2. g3 c6 3. Bg2 Bg4 4. 0-0 Nd7 5. d4 Ngf6 6. Nbd2 e6 7. Re1 Be7 8. c3 h6 9. e4 dxe4 10. Nxe4 0-0 11. Qb3 Qb6 12. Qxb6 axb6 13. Nxf6+ Nxf6 14. Bf4 Bf5 15. Ne5 b5 16. a3 Bc2 17. g4 Bb3 18. h4 Bd5 19. g5 Nh5 20. Bd2 Bxg2 21. Kxg2 hxg5 22. hxg5 g6 23. Ng4 Rfd8 24. Be3 Rd5 25. f4 Kg7 26. Kf3 Rdd8 27. Rh1 Bd6 28. d5 cxd5 29. Bd4+ Kf8 30. Nf6 Nxf4 31. Nd7+ Ke7 32. Nb6 e5 33. Nxa8 exd4 34. Nb6 Bc7 35. a4 Ne6 36. a5 dxc3 37. bxc3 Nxg5+ 38. Ke3 Kd6 39. Raf1 Kc5 40. Rhg1 Nh3 41. Rg4 Re8+ 42. Kd2 g5 43. Rxf7 Bf4+ 44. Kc2 Re2+ 45. Kb1 Re1+ 46. Kc2 Re2+ 47. Kb1 Re1+ 48. Kc2 Re2+ 1/2-1/2

[Event "Steyr Landesliga 1516"]
[Site "Austria"]
[Date "2015.11.28"]
[Round "5.1"]
[White "Madl, Ildiko"]
[Black "Schnider, Gert"]
[Result "1/2-1/2"]
[WhiteElo "2366"]
[BlackElo "2299"]
[PlyCount "67"]
[EventDate "2015.09.26"]
[EventType "team-tourn"]
[EventRounds "11"]
[EventCountry "AUT"]
[SourceTitle "CBM 170 Extra"]
[Source "ChessBase"]
[SourceDate "2016.02.25"]
[SourceVersion "1"]
[SourceVersionDate "2016.02.25"]
[SourceQuality "1"]
[WhiteTeam "Feldbach Kirchberg"]
[BlackTeam "Gamlitz"]
[WhiteTeamCountry "AUT"]
[BlackTeamCountry "AUT"]

1. e4 e5 2. Nf3 Nc6 3. Bb5 a6 4. Ba4 Nf6 5. 0-0 Be7 6. d3 b5 7. Bb3 d6 8. a4 Bg4 9. c3 0-0 10. h3 Bh5 11. Nbd2 Na5 12. Bc2 c5 13. Re1 b4 14. Nf1 Rb8 15. Ng3 Bxf3 16. Qxf3 bxc3 17. bxc3 Nb3 18. Rb1 Nxc1 19. Rexc1 g6 20. Bb3 Qd7 21. Qe2 Rfc8 22. Qa2 Bd8 23. Bc4 Qa7 24. Ne2 Ba5 25. g3 Kg7 26. Kg2 Rf8 27. Rxb8 Rxb8 28. Rb1 Rxb1 29. Qxb1 Nd7 30. Qb3 Nb6 31. d4 cxd4 32. cxd4 Qd7 33. Bxa6 Qxa4 34. Qxa4 1/2-1/2

[Event "EU-chT (Women) 20th"]
[Site "Reykjavik"]
[Date "2015.11.16"]
[Round "4.2"]
[White "Madl, Ildiko"]
[Black "Skripchenko, Almira"]
[Result "0-1"]
[WhiteElo "2343"]
[BlackElo "2443"]
[PlyCount "82"]
[EventDate "2015.11.13"]
[EventType "team-swiss"]
[EventRounds "9"]
[EventCountry "ISL"]
[SourceTitle "CBM 169 Extra"]
[Source "ChessBase"]
[SourceDate "2015.12.18"]
[SourceVersion "1"]
[SourceVersionDate "2015.12.18"]
[SourceQuality "1"]
[WhiteTeam "Hungary (W)"]
[BlackTeam "France (W)"]
[WhiteTeamCountry "HUN"]
[BlackTeamCountry "FRA"]

1. e4 d6 2. d4 Nf6 3. Nc3 e5 4. Nf3 Nbd7 5. Bc4 Be7 6. 0-0 0-0 7. a4 a6 8. h3 b6 9. Qe2 Bb7 10. d5 Kh8 11. Bd2 Ng8 12. Kh1 g6 13. Nh2 Bg5 14. Rae1 h6 15. Be3 Qe7 16. Qd2 Rae8 17. b4 Kg7 18. Nd1 Ngf6 19. Qd3 Ra8 20. a5 Bxe3 21. Qxe3 bxa5 22. bxa5 c6 23. dxc6 Bxc6 24. Nc3 Nc5 25. Bd5 Bxd5 26. exd5 Qc7 27. f4 Ncd7 28. fxe5 dxe5 29. Qf3 Rac8 30. Re3 Qxa5 31. Rd1 Rc4 32. d6 Rfc8 33. Rdd3 Rf4 34. Qe2 Rfc4 35. Qf3 Qa1+ 36. Rd1 Qb2 37. Nd5 e4 38. Qf4 Nxd5 39. Rxd5 Qa1+ 40. Nf1 Rxc2 41. Kh2 Qa2 0-1

[Event "Oberliga Ost-A 1516"]
[Site "Germany"]
[Date "2015.10.11"]
[Round "3.1"]
[White "Madl, Ildiko"]
[Black "Lechtynsky, Jiri"]
[Result "0-1"]
[WhiteElo "2366"]
[BlackElo "2366"]
[PlyCount "38"]
[EventDate "2015.09.20"]
[EventType "team-tourn"]
[EventRounds "11"]
[EventCountry "GER"]
[SourceTitle "EXT 2017"]
[Source "ChessBase"]
[SourceDate "2016.10.25"]
[SourceVersion "1"]
[SourceVersionDate "2016.10.25"]
[SourceQuality "1"]
[WhiteTeam "Halle Volksbank"]
[BlackTeam "Hoyerswerda"]
[WhiteTeamCountry "GER"]
[BlackTeamCountry "GER"]

1. e4 c6 2. d4 d5 3. Nc3 dxe4 4. Nxe4 Nf6 5. Nxf6+ exf6 6. c3 Bd6 7. Bd3 0-0 8. Ne2 Re8 9. 0-0 Nd7 10. Bf4 Bxf4 11. Nxf4 Nf8 12. Qf3 Qd6 13. Bc2 Ng6 14. Rfe1 Bd7 15. Nxg6 hxg6 16. Re3 Rxe3 17. fxe3 Re8 18. Rd1 Qe6 19. d5 cxd5 0-1

[Event "Budapest Duna op"]
[Site "Budapest"]
[Date "2015.09.27"]
[Round "5"]
[White "Madl, Ildiko"]
[Black "Szalanczy, Emil"]
[Result "1/2-1/2"]
[WhiteElo "2366"]
[BlackElo "2280"]
[PlyCount "29"]
[EventDate "2015.09.23"]
[EventType "swiss"]
[EventRounds "9"]
[EventCountry "HUN"]
[SourceTitle "CBM 168 Extra"]
[Source "ChessBase"]
[SourceDate "2015.10.29"]
[SourceVersion "1"]
[SourceVersionDate "2015.10.29"]
[SourceQuality "1"]

1. e4 c5 2. Nf3 d6 3. Bb5+ Bd7 4. Bxd7+ Nxd7 5. 0-0 Ngf6 6. Qe2 e6 7. b3 Be7 8. Bb2 0-0 9. c4 Rc8 10. d4 cxd4 11. Nxd4 a6 12. Nc3 Rc5 13. Rad1 Qc7 14. f4 Rc8 15. Rf3 1/2-1/2

[Event "Budapest Duna op"]
[Site "Budapest"]
[Date "2015.09.25"]
[Round "3"]
[White "Madl, Ildiko"]
[Black "Vegh, Endre"]
[Result "1/2-1/2"]
[WhiteElo "2366"]
[BlackElo "2259"]
[PlyCount "31"]
[EventDate "2015.09.23"]
[EventType "swiss"]
[EventRounds "9"]
[EventCountry "HUN"]
[SourceTitle "CBM 168 Extra"]
[Source "ChessBase"]
[SourceDate "2015.10.29"]
[SourceVersion "1"]
[SourceVersionDate "2015.10.29"]
[SourceQuality "1"]

1. e4 d6 2. d4 Nf6 3. Nc3 c6 4. Nf3 Bg4 5. h3 Bh5 6. Qe2 e6 7. g4 Bg6 8. h4 h5 9. g5 Nfd7 10. Bg2 Be7 11. 0-0 Na6 12. Be3 d5 13. Bf4 0-0 14. a3 Nc7 15. Bxc7 Qxc7 16. exd5 1/2-1/2

[Event "SRB-chT (Women)"]
[Site "Kragujevac"]
[Date "2015.08.26"]
[Round "7.2"]
[White "Madl, Ildiko"]
[Black "Foisor, Cristina Adela B"]
[Result "1-0"]
[WhiteElo "2366"]
[BlackElo "2361"]
[PlyCount "62"]
[EventDate "2015.08.20"]
[EventType "team-tourn"]
[EventRounds "11"]
[EventCountry "SRB"]
[SourceTitle "EXT 2016"]
[Source "ChessBase"]
[SourceDate "2015.10.08"]
[SourceVersion "1"]
[SourceVersionDate "2015.10.08"]
[SourceQuality "1"]
[WhiteTeam "Sombor (W)"]
[BlackTeam "Rudovci Radnicki (W)"]
[WhiteTeamCountry "SRB"]
[BlackTeamCountry "SRB"]

1. e4 e5 2. Nf3 Nc6 3. Bb5 a6 4. Ba4 Nge7 5. c3 g6 6. 0-0 Bg7 7. d4 exd4 8. cxd4 b5 9. Bc2 d6 10. h3 0-0 11. Nc3 Bb7 12. Be3 Na5 13. Qe2 Nc4 14. Bc1 Qd7 15. b3 Nb6 16. Bb2 b4 17. Nd1 f5 18. e5 Ned5 19. Qd2 Rfe8 20. Re1 Rad8 21. a3 a5 22. axb4 Nxb4 23. Rxa5 Nxc2 24. Qxc2 Be4 25. Qe2 dxe5 26. Nxe5 Bxe5 27. dxe5 Qe6 28. b4 Nc4 29. Ne3 Nxe3 30. Qxe3 Rd7 31. f3 Bd5 1-0

[Event "SRB-chT (Women)"]
[Site "Kragujevac"]
[Date "2015.08.24"]
[Round "5.3"]
[White "Madl, Ildiko"]
[Black "Manakova, Maria"]
[Result "1/2-1/2"]
[WhiteElo "2366"]
[BlackElo "2288"]
[PlyCount "70"]
[EventDate "2015.08.20"]
[EventType "team-tourn"]
[EventRounds "11"]
[EventCountry "SRB"]
[SourceTitle "EXT 2016"]
[Source "ChessBase"]
[SourceDate "2015.10.08"]
[SourceVersion "1"]
[SourceVersionDate "2015.10.08"]
[SourceQuality "1"]
[WhiteTeam "Sombor (W)"]
[BlackTeam "Belgrade Rad (W)"]
[WhiteTeamCountry "SRB"]
[BlackTeamCountry "SRB"]

1. e4 e6 2. d4 d5 3. Nc3 Nf6 4. Bg5 dxe4 5. Nxe4 Be7 6. Bxf6 gxf6 7. Qd2 f5 8. Nc3 a6 9. g3 Qd6 10. Bg2 Nd7 11. 0-0-0 Rb8 12. d5 e5 13. Bh3 Nb6 14. Qe2 0-0 15. Kb1 e4 16. Bf1 Bf6 17. Qe3 c5 18. Nh3 Bd4 19. Rxd4 cxd4 20. Qxd4 Nd7 21. Nf4 b5 22. Nd1 Qe5 23. Qd2 Nb6 24. Ne3 Na4 25. c3 Bd7 26. Be2 Rfc8 27. Rc1 Rb6 28. h4 Rbb8 29. Bd1 Nb6 30. Be2 a5 31. Bf1 a4 32. a3 Rb7 33. Re1 Nc4 34. Bxc4 bxc4 35. Nc2 Rb6 1/2-1/2

[Event "SRB-chT (Women)"]
[Site "Kragujevac"]
[Date "2015.08.23"]
[Round "4.2"]
[White "Bojkovic, Natasa"]
[Black "Madl, Ildiko"]
[Result "1-0"]
[WhiteElo "2404"]
[BlackElo "2366"]
[PlyCount "27"]
[EventDate "2015.08.20"]
[EventType "team-tourn"]
[EventRounds "11"]
[EventCountry "SRB"]
[SourceTitle "EXT 2016"]
[Source "ChessBase"]
[SourceDate "2015.10.08"]
[SourceVersion "1"]
[SourceVersionDate "2015.10.08"]
[SourceQuality "1"]
[WhiteTeam "Belgrade BAS (W)"]
[BlackTeam "Sombor (W)"]
[WhiteTeamCountry "SRB"]
[BlackTeamCountry "SRB"]

1. e4 c5 2. Nc3 Nc6 3. Bb5 Nd4 4. Bc4 e6 5. Nf3 Nf6 6. 0-0 a6 7. d3 b5 8. Bb3 Nxb3 9. axb3 Bb7 10. e5 Nd5 11. Ne4 h6 12. Re1 d6 13. d4 cxd4 14. exd6 1-0

[Event "SRB-chT (Women)"]
[Site "Kragujevac"]
[Date "2015.08.20"]
[Round "1.5"]
[White "Madl, Ildiko"]
[Black "Maksimovic, Suzana"]
[Result "1-0"]
[WhiteElo "2366"]
[BlackElo "2223"]
[PlyCount "83"]
[EventDate "2015.08.20"]
[EventType "team-tourn"]
[EventRounds "11"]
[EventCountry "SRB"]
[SourceTitle "EXT 2016"]
[Source "ChessBase"]
[SourceDate "2015.10.08"]
[SourceVersion "1"]
[SourceVersionDate "2015.10.08"]
[SourceQuality "1"]
[WhiteTeam "Sombor (W)"]
[BlackTeam "Kac Jugovic (W)"]
[WhiteTeamCountry "SRB"]
[BlackTeamCountry "SRB"]

1. e4 c5 2. Nf3 Nc6 3. d4 cxd4 4. Nxd4 Nf6 5. Nc3 e5 6. Ndb5 d6 7. Bg5 a6 8. Na3 b5 9. Nd5 Be7 10. Bxf6 Bxf6 11. c4 b4 12. Nc2 0-0 13. g3 Be6 14. h4 Bxd5 15. cxd5 Nd4 16. Nxd4 exd4 17. Bd3 Qd7 18. Kf1 a5 19. Qe2 a4 20. Rd1 Ra5 21. Kg2 a3 22. b3 Rc5 23. Bc4 Re8 24. Qd3 Qg4 25. f3 Qd7 26. Rde1 Qb7 27. Re2 Qb8 28. f4 Qc8 29. Rhe1 Qg4 30. e5 Bxh4 31. exd6 Rxe2+ 32. Rxe2 g6 33. Re8+ Kg7 34. Qxd4+ Kh6 35. Qe3 Ra5 36. d7 Qxd7 37. gxh4 Qf5 38. Re5 Qc2+ 39. Qe2 Qc1 40. d6 Ra8 41. f5 Rd8 42. Rd5 1-0

[Event "Zalakaros op 34th"]
[Site "Zalakaros"]
[Date "2015.05.15"]
[Round "2"]
[White "Dankhazi, Andras"]
[Black "Madl, Ildiko"]
[Result "1/2-1/2"]
[WhiteElo "2223"]
[BlackElo "2356"]
[PlyCount "38"]
[EventDate "2015.05.14"]
[EventType "swiss"]
[EventRounds "9"]
[EventCountry "HUN"]
[SourceTitle "CBM 166 Extra"]
[Source "ChessBase"]
[SourceDate "2015.06.18"]
[SourceVersion "1"]
[SourceVersionDate "2015.06.18"]
[SourceQuality "1"]

1. d4 c5 2. d5 d6 3. e4 Nf6 4. Nc3 g6 5. Nf3 Bg7 6. Be2 0-0 7. 0-0 Na6 8. h3 Nc7 9. a4 b6 10. Bf4 Bb7 11. Bc4 Nd7 12. Re1 Ne5 13. Bf1 Qd7 14. Bxe5 dxe5 15. Nb5 Ne8 16. c3 a6 17. Na3 Nd6 18. Nc4 Nxc4 19. Bxc4 b5 1/2-1/2

[Event "Zalakaros op 34th"]
[Site "Zalakaros"]
[Date "2015.05.14"]
[Round "1"]
[White "Madl, Ildiko"]
[Black "Burmakin, Vladimir"]
[Result "0-1"]
[WhiteElo "2356"]
[BlackElo "2585"]
[PlyCount "100"]
[EventDate "2015.05.14"]
[EventType "swiss"]
[EventRounds "9"]
[EventCountry "HUN"]
[SourceTitle "CBM 166 Extra"]
[Source "ChessBase"]
[SourceDate "2015.06.18"]
[SourceVersion "1"]
[SourceVersionDate "2015.06.18"]
[SourceQuality "1"]

1. e4 c6 2. d4 d5 3. Nc3 h6 4. Nf3 dxe4 5. Nxe4 Bf5 6. Bd3 e6 7. 0-0 Nf6 8. Qe2 Nxe4 9. Bxe4 Bxe4 10. Qxe4 Nd7 11. c4 Nf6 12. Qe2 Be7 13. h3 0-0 14. Be3 Qc7 15. Rfd1 Rad8 16. a3 Bd6 17. Rd3 Rfe8 18. Rad1 Qa5 19. Bc1 Nd7 20. g3 Nf8 21. Kg2 Ng6 22. Qe4 Qa4 23. b3 Qa5 24. Bb2 Be7 25. Nd2 h5 26. h4 Bf6 27. b4 Qf5 28. Qxf5 exf5 29. Re3 f4 30. Rxe8+ Rxe8 31. Kf3 fxg3 32. fxg3 Be7 33. Re1 f5 34. Nb3 Rd8 35. Nc5 Bxc5 36. bxc5 Kf7 37. Rd1 Ne5+ 38. Ke2 Nxc4 39. Bc1 b6 40. Kd3 Ne5+ 41. Ke2 Nd7 42. cxb6 axb6 43. Ke3 Nf6 44. Rd2 Nd5+ 45. Kf3 Ke6 46. Rc2 Kd7 47. Re2 Ra8 48. Re5 g6 49. Ke2 b5 50. Kd3 Re8 0-1

[Event "FRA-chT GpB (Women)"]
[Site "Montpellier"]
[Date "2015.05.07"]
[Round "1.3"]
[White "Madl, Ildiko"]
[Black "Vega Gutierrez, Sabrina Neide"]
[Result "1-0"]
[WhiteElo "2353"]
[BlackElo "2395"]
[PlyCount "73"]
[EventDate "2015.05.07"]
[EventType "team-tourn"]
[EventRounds "5"]
[EventCountry "FRA"]
[SourceTitle "CBM 166 Extra"]
[Source "ChessBase"]
[SourceDate "2015.06.18"]
[SourceVersion "1"]
[SourceVersionDate "2015.06.18"]
[SourceQuality "1"]
[WhiteTeam "Juvisy (W)"]
[BlackTeam "Evry (W)"]
[WhiteTeamCountry "FRA"]
[BlackTeamCountry "FRA"]

1. e4 e5 2. Nf3 d6 3. d4 exd4 4. Nxd4 Nf6 5. Nc3 Be7 6. g3 d5 7. e5 Ng4 8. Bg2 0-0 9. f4 Bc5 10. h3 Nh6 11. Be3 Bxd4 12. Bxd4 Nf5 13. Bf2 d4 14. Ne4 Nc6 15. 0-0 Qe7 16. a3 Rd8 17. Qd3 Be6 18. g4 Nh6 19. Ng5 g6 20. Bh4 Rdb8 21. Nxe6 Qxe6 22. Bg5 Kg7 23. f5 gxf5 24. gxf5 Nxe5 25. fxe6 Nxd3 26. Bf6+ Kg6 27. Be4+ Kh5 28. Bxd3 fxe6 29. Bxd4 Rf8 30. Rxf8 Rxf8 31. Re1 Nf5 32. Bxf5 exf5 33. Re7 Rd8 34. c3 c5 35. Bxc5 Rd1+ 36. Kf2 b6 37. Be3 1-0

[Event "HUN-chT2 Charousek 1415"]
[Site "Hungary"]
[Date "2015.04.26"]
[Round "9"]
[White "Makk, Robert"]
[Black "Madl, Ildiko"]
[Result "1/2-1/2"]
[WhiteElo "2221"]
[BlackElo "2356"]
[PlyCount "70"]
[EventDate "2014.10.12"]
[EventType "team-tourn"]
[EventRounds "9"]
[EventCountry "HUN"]
[SourceTitle "EXT 2016"]
[Source "ChessBase"]
[SourceDate "2015.10.08"]
[SourceVersion "1"]
[SourceVersionDate "2015.10.08"]
[SourceQuality "1"]
[WhiteTeam "SZASTE"]
[BlackTeam "Csuti"]
[WhiteTeamCountry "HUN"]
[BlackTeamCountry "HUN"]

1. e4 c5 2. Nf3 Nc6 3. d4 cxd4 4. Nxd4 Nf6 5. Nc3 d6 6. Bc4 e6 7. Bb3 a6 8. Be3 Qc7 9. Qe2 Na5 10. g4 b5 11. g5 Nd7 12. Bxe6 fxe6 13. Nxe6 Qc4 14. Qxc4 Nxc4 15. Nc7+ Kd8 16. Nxa8 Nxe3 17. fxe3 Bb7 18. a4 b4 19. Nd5 Bxa8 20. 0-0-0 a5 21. Rhf1 Bc6 22. b3 Ne5 23. Rf4 Be7 24. h4 h6 25. gxh6 Rxh6 26. Nxe7 Kxe7 27. Rg1 g6 28. Kb2 Rh5 29. Rg2 Be8 30. Rg1 Bf7 31. Rg2 Rh8 32. Kc1 Rc8 33. Kd2 Be6 34. Rg5 Rh8 35. Rg2 Rc8 1/2-1/2